Biggest Cities in the United Kingdom - Statistics

General Stats
  • This quiz has been taken 48 times
  • The average score is 44 of 100
Answer Stats
Population City % Correct
7,556,900 London
100%
984,333 Birmingham
98%
455,123 Leeds
95%
464,990 Edinburgh
93%
864,122 Liverpool
93%
395,515 Manchester
93%
447,287 Cardiff
91%
591,620 Glasgow
91%
274,770 Belfast
88%
617,280 Bristol
88%
685,368 Sheffield
86%
192,382 Newcastle upon Tyne
84%
196,670 Aberdeen
79%
158,434 Cambridge
79%
171,380 Oxford
79%
729,977 Nottingham
77%
246,201 Southampton
77%
153,717 York
77%
314,018 Kingston upon Hull
72%
300,352 Swansea
72%
508,916 Leicester
70%
194,150 Portsmouth
70%
147,710 Dundee
67%
178,835 Ipswich
67%
213,166 Norwich
67%
260,203 Plymouth
67%
239,409 Blackpool
65%
270,468 Derby
65%
359,262 Coventry
63%
258,018 Luton
58%
215,963 Northampton
58%
372,775 Stoke-on-Trent
58%
335,415 Sunderland
58%
252,791 Wolverhampton
58%
163,600 Bournemouth
53%
299,310 Bradford
53%
117,763 Exeter
53%
306,844 Newport
53%
318,014 Reading
53%
141,331 Bolton
51%
150,053 Gloucester
51%
114,879 Lincoln
49%
229,941 Milton Keynes
49%
313,332 Preston
49%
101,659 Worcester
49%
295,310 Southend-on-Sea
47%
158,141 Doncaster
44%
125,370 Saint Peters
42%
185,609 Swindon
42%
125,707 Watford
42%
121,859 Colchester
40%
146,521 Blackburn
37%
149,422 Burnley
37%
116,447 Cheltenham
37%
163,379 Peterborough
37%
149,017 Huddersfield
35%
111,511 Chelmsford
33%
104,782 Oldham
33%
117,618 Rotherham
33%
147,980 Telford
33%
139,001 West Bromwich
33%
150,092 Poole
30%
163,777 Slough
30%
175,405 Wigan
30%
134,160 Grimsby
26%
142,707 Middlesborough
26%
139,052 Stockport
26%
106,940 Bedford
23%
118,219 Eastbourne
21%
101,187 Gillingham
21%
133,204 High Wycombe
21%
107,627 Maidstone
21%
96,267 Solihull
21%
172,141 Walsall
21%
165,456 Warrington
21%
103,932 Woking
21%
247,614 City of Westminster
19%
173,314 Croydon
19%
325,264 Birkenhead
16%
180,508 Crawley
16%
199,059 Dudley
16%
171,958 Mansfield
16%
107,642 Basingstoke
14%
113,057 Chesterfield
14%
133,422 Hastings
14%
97,550 Rochdale
14%
102,555 Saint Helens
14%
187,600 Sutton
14%
144,859 Basildon
12%
108,368 Dagenham
9%
107,030 Sutton Coldfield
9%
99,110 Worthing
9%
319,143 Islington
7%
215,667 Archway
0%
100,000 Becontree
0%
228,000 Bexley
0%
122,199 Burton upon Trent
0%
103,970 Enfield Town
0%
110,000 Mendip
0%
95,172 Royal Leamington Spa
0%
No matching quizzes found
Score Distribution
Percent of People with Each Score
Percentile by Number Answered
Your Score History
You have not taken this quiz